Movies Quiz

Random Movies or Actor Quiz
Score 0/48 Timer 09:00
2 Plays Today
Word Movies % Correct
SkySkyfall
87.9%
PlanetPlanet of the Apes
83.9%
SkyVanilla Sky
83.5%
SpyAustin Powers: The Spy Who Shagged Me
75.3%
YoungYoung Frankenstein
69.3%
RightDo the Right Thing
68.5%
MoonThe Twilight Saga: New Moon
66%
MyMy Left Foot
65.8%
YoungYoung Guns
64.1%
JackJack Reacher
64.1%
MoonMan on the Moon
63.3%
JackJackass: The Movie
62.8%
FullFull Metal Jacket
62.4%
FullThe Full Monty
62%
OtherThe Other Guys
61.5%
MyMy Cousin Vinny
60.9%
JackJack and Jill
59.3%
MyMy Girl
58.8%
SpySpy Kids
57.7%
NeverNever Been Kissed
57.2%
FullCharlie's Angels: Full Throttle
56.7%
NeverFinding Neverland
51.2%
SpyTinker Tailor Soldier Spy
50.7%
RightThe Right Stuff
50.5%
Word Movies % Correct
NeverTomorrow Never Dies
50.1%
FirstStar Trek: First Contact
49.9%
MoonPaper Moon
49.5%
FirstX-Men: First Class
48.5%
SpySpy Game
47.1%
OtherThe Other Boleyn Girl
45.3%
First50 First Dates
44.4%
MyDude, Where's My Car?
39.3%
SkyOctober Sky
38.6%
JackNew Jack City
38.4%
YoungForever Young
36.4%
MoonTransformers: Dark of the Moon
33.8%
PlanetRed Planet
33.3%
FirstFirst Man
32.9%
PlanetForbidden Planet
25.1%
RightThe Kids Are All Right
24.5%
SkySky Captain and the World of Tomorrow
23.1%
OtherLove & Other Drugs
23.1%
PlanetPlanet Terror
21.5%
RightLet the Right One In
21.4%
YoungYoung Adult
20.2%
NeverPopstar: Never Stop Never Stopping
16.8%
FullHerbie Fully Loaded
16.1%
OtherSleeping with Other People
10.6%
Remove Ads.
Support Sporcle.
Get the best of Sporcle when you Go Orange. This ad-free experience offers more features, more stats, and more fun while also helping to support Sporcle. Thank you for becoming a member.

You're not logged in!

Compare scores with friends on all Sporcle quizzes.
OR
Log In

Show Comments

Extras

Top Quizzes Today


Score Distribution

Your Account Isn't Verified!

In order to create a playlist on Sporcle, you need to verify the email address you used during registration. Go to your Sporcle Settings to finish the process.

Report this User

Report this user for behavior that violates our Community Guidelines.

Details: